Statistiques concernant Les meilleurs français au scoring sur une saison NBA

Cliquez ici pour prendre le quiz!

Statistiques générales

  • Ce quiz a été pris 185 fois
    (13 depuis la dernière actualisation)
  • Le résultat moyen est 21 sur 23

Statistiques - réponses

RangJoueurÉquipeSaisonPPM% Correct
1Tony ParkerSpurs de San Antonio2008-200922.0
100%
14Tony ParkerSpurs de San Antonio2004-200516.6
100%
3Tony ParkerSpurs de San Antonio2012-201320.3
100%
5Tony ParkerSpurs de San Antonio2005-200618.9
100%
6Tony ParkerSpurs de San Antonio2007-200818.8
100%
7Tony ParkerSpurs de San Antonio2006-200718.6
100%
9Tony ParkerSpurs de San Antonio2011-201218.3
100%
18Tony ParkerSpurs de San Antonio2002-200315.5
100%
11Tony ParkerSpurs d'Orlando2010-201117.5
100%
15Tony ParkerSpurs de San Antonio2009-201016.0
100%
13Tony ParkerSpurs de San Antonio2013-201416.7
100%
-Evan FournierMagic d'Orlando2018-201915.1
88%
19Evan FournierMagic d'Orlando2015-201615.4
88%
12Evan FournierMagic d'Orlando2016-201717.2
88%
10Evan FournierMagic d'Orlando2017-201817.8
88%
8Evan FournierMagic d'Orlando2019-202018.5
88%
4Evan FournierMagic d'Orlando2020-202119.7
88%
2Victor WembanyamaSpurs de San Antonio2023-202421.4
88%
20Boris DiawBobcats de Charlotte2008-200915.1
75%
-Nicolas BatumHornets de Charlotte2016-201715.1
75%
16Rudy GobertJazz de l'Utah2018-201915.9
75%
17Rudy GobertJazz de l'Utah2021-202215.6
75%
-Rudy GobertJazz de l'Utah2019-202015.1
75%

Distribution des résultats

Percentile par nombre de réponses

% des personnes avec chaque résultat

Votre développement - résultats

Vous n’avez pas pris ce quiz depuis la dernière actualisation